[Event "South Wales International Open"]
[Site "Bridgend"]
[Date "2022.07.07"]
[Round "2.10"]
[White "Maksimenko, Andrei"]
[Black "Turner, Joseph David"]
[Result "1-0"]
[WhiteElo "2434"]
[BlackElo "1869"]
[PlyCount "111"]
[EventDate "2022.07.07"]
[EventRounds "9"]
[EventCountry "WLS"]

1. d4 Nf6 2. c4 g6 3. Nc3 Bg7 4. e4 d6 5. Be2 O-O 6. Bg5 Na6 7. f4 c5 8. d5 Qa5
9. Qd2 Re8 10. Nf3 e6 11. e5 dxe5 12. fxe5 Nd7 13. d6 Nxe5 14. Nxe5 Bxe5 15. d7
Bxd7 16. Qxd7 Bxc3+ 17. bxc3 Qxc3+ 18. Kf2 Qd4+ 19. Qxd4 cxd4 20. Bf3 Nc5 21.
Bh6 f6 22. Rab1 Re7 23. Bc1 Rc8 24. Ba3 b6 25. Rb5 Nd3+ 26. Ke2 Nf4+ 27. Kd2
Rec7 28. Bd6 Rxc4 29. Bxf4 Rc2+ 30. Kd3 R8c3+ 31. Ke4 g5 32. Bxg5 fxg5 33.
Rxg5+ Kf8 34. Rd1 d3 35. a4 Rc4+ 36. Kxd3 R2c3+ 37. Kd2 Rc2+ 38. Ke3 Rxa4 39.
Rd7 Rc3+ 40. Kf2 Ra2+ 41. Kg3 h6 42. Rgg7 e5 43. Rgf7+ Kg8 44. Rg7+ Kf8 45.
Rgf7+ Kg8 46. Kh4 Ra4+ 47. Kh5 e4 48. Bg4 Rc5+ 49. Kxh6 Rc6+ 50. Kg5 Ra5+ 51.
Bf5 e3 52. Rfe7 Kf8 53. Rxe3 Rcc5 54. g4 b5 55. Rh3 Kg8 56. Rd8+ 1-0

[Event "South Wales International Open"]
[Site "Bridgend"]
[Date "2022.07.07"]
[Round "2.11"]
[White "Brown, Thomas"]
[Black "Westcott, Dale"]
[Result "1-0"]
[WhiteElo "2194"]
[BlackElo "1250"]
[PlyCount "43"]
[EventDate "2022.07.07"]
[EventRounds "9"]
[EventCountry "WLS"]

1. d4 d5 2. Nf3 Nf6 3. c3 Bg4 4. Qb3 b6 5. Ne5 Bf5 6. Bg5 g6 7. e3 a6 8. c4 Bg7
9. Nc3 Be6 10. Bxf6 exf6 11. cxd5 Bxd5 12. Qxd5 fxe5 13. Qxa8 O-O 14. dxe5 Bxe5
15. Be2 Qf6 16. O-O a5 17. Qf3 Bxc3 18. bxc3 Qxc3 19. Rac1 Qe5 20. Qf4 Qb2 21.
Bc4 c5 22. Rb1 1-0

[Event "South Wales International Open"]
[Site "Bridgend"]
[Date "2022.07.07"]
[Round "2.13"]
[White "De Coverly, Roger D"]
[Black "Fowler, Hugo"]
[Result "1/2-1/2"]
[WhiteElo "1914"]
[BlackElo "1873"]
[PlyCount "82"]
[EventDate "2022.07.07"]
[EventRounds "9"]
[EventCountry "WLS"]

1. d4 Nf6 2. c4 g6 3. Nc3 d5 4. cxd5 Nxd5 5. e4 Nxc3 6. bxc3 Bg7 7. Bc4 O-O 8.
Ne2 c5 9. O-O Nc6 10. Be3 e6 11. Rc1 cxd4 12. cxd4 Na5 13. Bd3 b6 14. Qd2 Bb7
15. Bh6 Qd7 16. h4 Rfc8 17. Bxg7 Kxg7 18. h5 Qd8 19. Qf4 Kg8 20. h6 Nc6 21. e5
Nb4 22. Bc4 Bd5 23. Bxd5 Nxd5 24. Qd2 Qe7 25. Nc3 Qb4 26. a3 Qa5 27. Ne4 Qxd2
28. Rxc8+ Rxc8 29. Nxd2 Nf4 30. Nf3 Rc3 31. Kh2 Nd5 32. a4 Ne7 33. a5 Nf5 34.
axb6 axb6 35. Rb1 Rc6 36. Ra1 Nxh6 37. Ra8+ Kg7 38. Ra7 Rc2 39. Ng5 Kg8 40.
Ra8+ Kg7 41. Ra7 Kg8 1/2-1/2

[Event "South Wales International Open"]
[Site "Bridgend"]
[Date "2022.07.07"]
[Round "2.14"]
[White "Skettos, Nicolas"]
[Black "Thomas, Roy"]
[Result "1-0"]
[WhiteElo "1972"]
[BlackElo "1673"]
[PlyCount "71"]
[EventDate "2022.07.07"]
[EventRounds "9"]
[EventCountry "WLS"]

1. e4 c5 2. Nf3 Nc6 3. d4 cxd4 4. Nxd4 e5 5. Nb5 d6 6. c4 a6 7. N5c3 Nf6 8. Bd3
Be7 9. O-O O-O 10. Nd5 Nxd5 11. cxd5 Nb4 12. Be2 a5 13. Nc3 f5 14. a3 Na6 15.
exf5 Bxf5 16. Bd3 Qd7 17. Be3 Nc7 18. Rc1 b5 19. Bxf5 Rxf5 20. Bb6 Ne8 21. Qd3
b4 22. Ne4 bxa3 23. bxa3 Bd8 24. Bxd8 Qxd8 25. Rc6 Rf7 26. Rfc1 Rc7 27. Qh3 Qe7
28. Qf5 Rb8 29. h3 Rxc6 30. dxc6 d5 31. Qd7 Qxa3 32. Qxd5+ Kh8 33. Rc3 Qf8 34.
Qxe5 Rb1+ 35. Kh2 Rb8 36. Qxb8 1-0

[Event "South Wales International Open"]
[Site "Bridgend"]
[Date "2022.07.07"]
[Round "2.15"]
[White "Gibbs, Dominic V"]
[Black "Mckenna, Joshua"]
[Result "0-1"]
[WhiteElo "1873"]
[BlackElo "1658"]
[PlyCount "86"]
[EventDate "2022.07.07"]
[EventRounds "9"]
[EventCountry "WLS"]

1. c4 Nf6 2. Nc3 g6 3. g3 c6 4. e4 e5 5. Bg2 Bc5 6. d3 Na6 7. h3 h5 8. Bg5 Nc7
9. Nf3 Ne6 10. Bd2 d5 11. Nxe5 dxe4 12. Nxe4 Nxe4 13. Bxe4 Qd4 14. Qe2 Qxb2 15.
O-O Nd4 16. Qd1 Bxh3 17. Rb1 Qxa2 18. Re1 Nc2 19. Rxb7 O-O 20. Re2 Nd4 21. Re3
Rab8 22. Rxb8 Rxb8 23. Re1 Nc2 24. Nd7 Bxd7 25. d4 Nxd4 26. Be3 Bg4 27. Qd3 Be2
28. Qc3 Qxc4 29. Qd2 Rd8 30. Kg2 f5 31. Bb1 Bf3+ 32. Kh2 Bd5 33. Bxd4 Qxd4 34.
Qxd4 Bxd4 35. Re2 Kf7 36. Rd2 Bb6 37. Bd3 Be4 38. Bc4+ Kf6 39. Re2 Rd1 40. f3
Bxf3 41. Re6+ Kg7 42. Re7+ Kh6 43. g4 Bf2 0-1

[Event "South Wales International Open"]
[Site "Bridgend"]
[Date "2022.07.07"]
[Round "2.16"]
[White "Williams, Ron"]
[Black "Hughes, Anthony"]
[Result "0-1"]
[WhiteElo "1589"]
[BlackElo "1865"]
[PlyCount "82"]
[EventDate "2022.07.07"]
[EventRounds "9"]
[EventCountry "WLS"]

1. f4 d5 2. Nf3 c5 3. e3 Nc6 4. Bb5 g6 5. Bxc6+ bxc6 6. b3 Bg7 7. Ne5 Qc7 8.
Bb2 Nf6 9. Nf3 O-O 10. d3 d4 11. exd4 Nd5 12. Qd2 Nxf4 13. Na3 cxd4 14. Bxd4
Bxd4 15. Nxd4 Qe5+ 16. Kf2 Qxd4+ 17. Qe3 Qf6 18. Qf3 Be6 19. g3 Nh3+ 20. Ke2
Qxf3+ 21. Kxf3 Bd5+ 22. Ke3 Bxh1 23. Rxh1 Rad8 24. Nc4 f6 25. Rf1 e5 26. Nd2
Ng5 27. h4 Ne6 28. c3 Nc5 29. d4 exd4+ 30. cxd4 Rfe8+ 31. Kf2 Rxd4 32. Nc4 Kg7
33. Kf3 Rd3+ 34. Kg2 Re2+ 35. Rf2 Rxf2+ 36. Kxf2 Ne4+ 37. Kg2 Rxg3+ 38. Kh2 Rc3
39. Na3 Nd2 40. Kg2 g5 41. hxg5 fxg5 0-1

[Event "South Wales International Open"]
[Site "Bridgend"]
[Date "2022.07.07"]
[Round "2.17"]
[White "Robinson, David"]
[Black "Hurn, Robert Aj"]
[Result "1/2-1/2"]
[WhiteElo "1857"]
[BlackElo "1605"]
[PlyCount "62"]
[EventDate "2022.07.07"]
[EventRounds "9"]
[EventCountry "WLS"]

1. d4 Nf6 2. Nf3 d5 3. Bf4 c5 4. e3 Bf5 5. Be2 Nc6 6. O-O Qb6 7. b3 h6 8. c4 e6
9. Nc3 cxd4 10. exd4 Be7 11. Nb5 Rc8 12. Rc1 O-O 13. c5 Qd8 14. a3 Nh5 15. Bd6
Bxd6 16. Nxd6 Rc7 17. b4 Nf4 18. b5 Ne7 19. Re1 Bh7 20. Qa4 b6 21. Qa6 Nc8 22.
Nb7 Qe7 23. c6 Bd3 24. Bf1 Qf6 25. Re3 Be4 26. Rce1 Bxf3 27. Rxf3 Qxd4 28. g3
Nh5 29. Rfe3 Nf6 30. Bg2 Ng4 31. R3e2 Nf6 1/2-1/2

[Event "South Wales International Open"]
[Site "Bridgend"]
[Date "2022.07.07"]
[Round "2.18"]
[White "Probert, Malcolm"]
[Black "Harding, Gareth"]
[Result "1/2-1/2"]
[WhiteElo "1572"]
[BlackElo "1808"]
[PlyCount "35"]
[EventDate "2022.07.07"]
[EventRounds "9"]
[EventCountry "WLS"]

1. Nf3 d5 2. d4 Nf6 3. g3 c6 4. Bg2 Bf5 5. O-O e6 6. c4 Be7 7. Nc3 Nbd7 8. Nd2
O-O 9. e4 dxe4 10. Ndxe4 Nxe4 11. Nxe4 Nf6 12. f3 a5 13. Bf4 h6 14. c5 g5 15.
Bd6 Bxd6 16. Nxd6 Ne8 17. Nxf5 exf5 18. Qd3 1/2-1/2

[Event "South Wales International Open"]
[Site "Bridgend"]
[Date "2022.07.07"]
[Round "2.19"]
[White "Arkell, Keith C"]
[Black "Menadue, Jeremy F S"]
[Result "1-0"]
[WhiteElo "2400"]
[BlackElo "1989"]
[PlyCount "87"]
[EventDate "2022.07.07"]
[EventRounds "9"]
[EventCountry "WLS"]

1. Nf3 Nf6 2. c4 d6 3. d4 Nbd7 4. Nc3 e5 5. e4 Be7 6. g3 O-O 7. Bg2 c6 8. O-O
a6 9. Qe2 Re8 10. Rd1 Qc7 11. b3 Nf8 12. h3 Ng6 13. Bb2 Bd7 14. c5 exd4 15.
cxd6 Bxd6 16. Nxd4 c5 17. Nc2 Bc6 18. Ne3 Nxe4 19. Nxe4 Bxe4 20. Bxe4 Rxe4 21.
Qd3 Re6 22. f4 Rae8 23. Nd5 Qc8 24. f5 Re2 25. Bc3 Bxg3 26. Qxg3 Qxf5 27. Rd3
h5 28. Rf1 h4 29. Rxf5 hxg3 30. Rxg3 Rxa2 31. h4 b5 32. h5 b4 33. hxg6 fxg6 34.
Re5 Rxe5 35. Bxe5 Kf7 36. Nb6 Re2 37. Bd6 Rc2 38. Nc4 Rc3 39. Kg2 Rc2+ 40. Kh3
Ra2 41. Bxc5 a5 42. Nb6 Ra3 43. Na4 g5 44. Bb6 1-0

[Event "South Wales International Open"]
[Site "Bridgend"]
[Date "2022.07.07"]
[Round "2.20"]
[White "Khan, Mohammed"]
[Black "Jones, Jeremy"]
[Result "1/2-1/2"]
[WhiteElo "1778"]
[BlackElo "1574"]
[PlyCount "64"]
[EventDate "2022.07.07"]
[EventRounds "9"]
[EventCountry "WLS"]

1. e4 c5 2. Nc3 d6 3. g3 Nc6 4. Bg2 g6 5. d3 Bg7 6. Nge2 e6 7. h3 Nge7 8. Be3
a6 9. Qd2 b5 10. Bh6 O-O 11. Bxg7 Kxg7 12. O-O b4 13. Nd1 Rb8 14. Ne3 Bb7 15.
Rae1 d5 16. exd5 exd5 17. g4 d4 18. Nc4 Na5 19. Nf4 Nxc4 20. dxc4 Bxg2 21. Kxg2
Re8 22. Re5 Qd6 23. Rfe1 f6 24. Re6 Qd7 25. Qe2 Kf7 26. Kg1 Nc6 27. Rxe8 Rxe8
28. Qxe8+ Qxe8 29. Rxe8 Kxe8 30. Ne6 Ne5 31. b3 Nd7 32. Nc7+ Ke7 1/2-1/2

[Event "South Wales International Open"]
[Site "Bridgend"]
[Date "2022.07.07"]
[Round "2.21"]
[White "Bridges, Paul"]
[Black "Fowler, Caspian"]
[Result "1-0"]
[WhiteElo "1754"]
[BlackElo "1483"]
[PlyCount "65"]
[EventDate "2022.07.07"]
[EventRounds "9"]
[EventCountry "WLS"]

1. e4 e5 2. Nc3 Nc6 3. Bc4 Nf6 4. d3 Bc5 5. Nf3 h6 6. O-O d6 7. h3 Be6 8. Bxe6
fxe6 9. Qe2 Rf8 10. Be3 Nd4 11. Bxd4 Bxd4 12. Nd1 Qe7 13. c3 Bb6 14. a4 a6 15.
Ne3 Nh5 16. g3 Qf6 17. Kg2 g5 18. Ng4 Qg6 19. Nfxe5 Qg7 20. Nc4 Ba7 21. d4
O-O-O 22. b4 Kb8 23. b5 d5 24. Nce5 a5 25. Qb2 dxe4 26. Nc6+ bxc6 27. bxc6+ Bb6
28. Ne5 Nf4+ 29. gxf4 gxf4+ 30. Kh2 e3 31. Rg1 Qf6 32. Qe2 exf2 33. Qa6 1-0

[Event "South Wales International Open"]
[Site "Bridgend"]
[Date "2022.07.07"]
[Round "2.22"]
[White "Emblem, Mark"]
[Black "Gawne, Martin"]
[Result "0-1"]
[WhiteElo "1437"]
[BlackElo "1724"]
[PlyCount "46"]
[EventDate "2022.07.07"]
[EventRounds "9"]
[EventCountry "WLS"]

1. Nf3 d6 2. e3 e5 3. d4 Nd7 4. b3 c6 5. Bb2 e4 6. Nfd2 Qe7 7. Nc3 d5 8. Be2 g6
9. O-O Bh6 10. Re1 Qg5 11. Nf1 Ne7 12. f3 Nf5 13. Bc1 Nf6 14. g3 Nd6 15. f4 Qf5
16. Kg2 Qh3+ 17. Kh1 Ng4 18. Bxg4 Bxg4 19. Qd2 Bg7 20. Ba3 Nf5 21. Qf2 Nh6 22.
Ne2 Bf3+ 23. Kg1 Ng4 0-1

[Event "South Wales International Open"]
[Site "Bridgend"]
[Date "2022.07.08"]
[Round "3.1"]
[White "Camacho Collados, Jose"]
[Black "Richardson, John R"]
[Result "1/2-1/2"]
[WhiteElo "2410"]
[BlackElo "2289"]
[PlyCount "128"]
[EventDate "2022.07.07"]
[EventRounds "9"]
[EventCountry "WLS"]

1. e4 c6 2. d4 d5 3. f3 e6 4. Nc3 Bb4 5. a3 Bxc3+ 6. bxc3 dxe4 7. Nh3 Qa5 8.
Bd2 e3 9. Bxe3 Qxc3+ 10. Kf2 Nf6 11. Bd3 Nd5 12. Qd2 Nd7 13. Rhe1 O-O 14. Ng5
N7f6 15. Ne4 Qxd2+ 16. Bxd2 Nxe4+ 17. fxe4 Ne7 18. Bb4 Re8 19. Bd6 b6 20. a4
Bb7 21. a5 Rad8 22. Bc7 Rxd4 23. axb6 axb6 24. Bxb6 Rd7 25. Reb1 Ng6 26. Bc5
Ne5 27. Be2 Rc8 28. Ra3 f6 29. h4 Kf7 30. Ra7 Ba8 31. Rba1 Bb7 32. R1a3 Rcc7
33. Bb6 Rc8 34. Bc5 Rcc7 35. Rb3 Bc8 36. Ra8 g5 37. Rbb8 Bb7 38. Rf8+ Kg6 39.
Rg8+ Rg7 40. h5+ Kh6 41. Rae8 Rxg8 42. Rxg8 Nd7 43. Be7 Rc8 44. Rxc8 Bxc8 45.
Bg4 e5 46. Kf3 Kg7 47. Bd8 Kf7 48. Bf5 Ke8 49. Bc7 h6 50. Bd6 Kf7 51. Kg4 Nb6
52. Bxc8 Nxc8 53. Bc5 Ke6 54. g3 Nd6 55. Bxd6 Kxd6 56. Kf5 Ke7 57. c3 c5 58. c4
Kf7 59. g4 Ke7 60. Kg6 Ke6 61. Kg7 Ke7 62. Kg6 Ke6 63. Kg7 Ke7 64. Kg8 f5
1/2-1/2

[Event "South Wales International Open"]
[Site "Bridgend"]
[Date "2022.07.08"]
[Round "3.2"]
[White "Derakhshani, Borna"]
[Black "Hill, Alistair"]
[Result "1-0"]
[WhiteElo "2387"]
[BlackElo "2190"]
[PlyCount "89"]
[EventDate "2022.07.07"]
[EventRounds "9"]
[EventCountry "WLS"]

1. Nf3 Nf6 2. b3 d5 3. Bb2 Bf5 4. c4 e6 5. g3 c6 6. Bg2 h6 7. O-O Nbd7 8. d3
Be7 9. Nc3 O-O 10. Qd2 Bb4 11. a3 Ba5 12. b4 Bc7 13. cxd5 exd5 14. Nd4 Bg6 15.
Nb3 Qe7 16. Rac1 Rfe8 17. Rfe1 Bb6 18. Na4 Bf5 19. Qf4 Be6 20. Nxb6 axb6 21.
Nd4 Nf8 22. e4 Qd7 23. Nxe6 Nxe6 24. Qh4 d4 25. f4 Nc7 26. Bh3 Qd8 27. g4 Nh7
28. Qf2 Nb5 29. Ra1 Nf8 30. Bg2 Qd7 31. h3 Ra4 32. e5 Rea8 33. Re4 Nc3 34. Ree1
Nb5 35. Kh1 Nxa3 36. Bxd4 Rxb4 37. Bxb6 Rba4 38. f5 Qxd3 39. e6 fxe6 40. fxe6
Ng6 41. Qf7+ Kh7 42. e7 Nxe7 43. Rxe7 Qc3 44. Rae1 Nc2 45. Qf5+ 1-0

[Event "South Wales International Open"]
[Site "Bridgend"]
[Date "2022.07.08"]
[Round "3.3"]
[White "Blackburn, Jonathan L B"]
[Black "Wells, Peter K"]
[Result "1/2-1/2"]
[WhiteElo "2176"]
[BlackElo "2379"]
[PlyCount "36"]
[EventDate "2022.07.07"]
[EventRounds "9"]
[EventCountry "WLS"]

1. d4 Nf6 2. c4 e6 3. Nf3 b6 4. e3 Bb7 5. Bd3 d5 6. b3 Nbd7 7. O-O Be7 8. Bb2
O-O 9. Nc3 c5 10. cxd5 Nxd5 11. Nxd5 Bxd5 12. Rc1 Rc8 13. Bb1 Bf6 14. Ne5 cxd4
15. Rxc8 Qxc8 16. Nxd7 Qxd7 17. Bxd4 Bxd4 18. Qxd4 Qc7 1/2-1/2

[Event "South Wales International Open"]
[Site "Bridgend"]
[Date "2022.07.08"]
[Round "3.4"]
[White "Maksimenko, Andrei"]
[Black "Murphy, Hugh W"]
[Result "1-0"]
[WhiteElo "2434"]
[BlackElo "2125"]
[PlyCount "45"]
[EventDate "2022.07.07"]
[EventRounds "9"]
[EventCountry "WLS"]

1. d4 Nf6 2. c4 e6 3. Nf3 b6 4. g3 Bb7 5. Bg2 Be7 6. O-O O-O 7. Re1 Na6 8. Nc3
d5 9. cxd5 exd5 10. Bf4 Re8 11. Rc1 h6 12. a3 c5 13. Be5 Qd7 14. h4 Qe6 15. Bf4
Ne4 16. dxc5 Bxc5 17. e3 Rad8 18. Nb5 Qd7 19. Nbd4 Be7 20. Ne5 Qd6 21. Nxf7 Qf6
22. Nxd8 Bxd8 23. h5 1-0

[Event "South Wales International Open"]
[Site "Bridgend"]
[Date "2022.07.08"]
[Round "3.5"]
[White "Nilsson, Joakim"]
[Black "Brown, Thomas"]
[Result "0-1"]
[WhiteElo "2213"]
[BlackElo "2194"]
[PlyCount "114"]
[EventDate "2022.07.07"]
[EventRounds "9"]
[EventCountry "WLS"]

1. Nf3 d5 2. c4 e6 3. d4 a6 4. cxd5 exd5 5. Nc3 c6 6. Bf4 Nf6 7. e3 Bd6 8. Bd3
Bxf4 9. exf4 Bg4 10. h3 Qe7+ 11. Kd2 Bxf3 12. Qxf3 O-O 13. a3 Nbd7 14. g4 Ne4+
15. Nxe4 dxe4 16. Rae1 Nf6 17. Bxe4 Qd6 18. g5 Qxd4+ 19. Kc1 Nxe4 20. Rxe4 Qc5+
21. Kb1 Rad8 22. Qe3 Qb5 23. Re1 Rd3 24. Qe2 Rxh3 25. Qxb5 axb5 26. Re7 Rf3 27.
R1e4 h5 28. gxh6 gxh6 29. Rxb7 Rc8 30. a4 bxa4 31. Rxa4 Rxf2 32. Rc4 Kg7 33.
Rb3 f6 34. Rg3+ Kf7 35. Rb4 c5 36. Rb7+ Ke6 37. Rh3 Rxf4 38. Rb6+ Kd5 39. Rh5+
f5 40. Rhxh6 Rb4 41. Rbf6 f4 42. Rd6+ Ke4 43. Rhe6+ Kf5 44. Rf6+ Kg4 45. Rg6+
Kf3 46. Kc1 Re8 47. Rd3+ Re3 48. Rc3 Rxc3+ 49. bxc3 Re4 50. Kd2 c4 51. Rg8 Kf2
52. Rg4 Kf1 53. Kd1 Re1+ 54. Kd2 Re2+ 55. Kd1 f3 56. Rxc4 Rg2 57. Rf4 f2 0-1

[Event "South Wales International Open"]
[Site "Bridgend"]
[Date "2022.07.08"]
[Round "3.6"]
[White "Smith, Olivia"]
[Black "Jukes, Sam"]
[Result "1-0"]
[WhiteElo "2038"]
[BlackElo "1906"]
[PlyCount "75"]
[EventDate "2022.07.07"]
[EventRounds "9"]
[EventCountry "WLS"]

1. e4 c5 2. Nf3 Nc6 3. Bb5 g6 4. O-O Bg7 5. c3 e5 6. d4 cxd4 7. cxd4 exd4 8.
Bf4 a6 9. Bc4 d6 10. Nbd2 Nge7 11. a4 O-O 12. Ba2 d5 13. Re1 Nb4 14. Bb1 dxe4
15. Nxe4 Nf5 16. a5 Nc6 17. Qd2 Nh4 18. Nxh4 Qxh4 19. Bg5 Qh5 20. Nf6+ Bxf6 21.
Bxf6 Bf5 22. Ba2 g5 23. Bd5 Qg6 24. Bxg5 Rfe8 25. h4 d3 26. Ra4 Rac8 27. g4 Qd6
28. Bg2 Bg6 29. h5 Rxe1+ 30. Qxe1 Ne5 31. hxg6 d2 32. Bxd2 hxg6 33. Re4 Nd3 34.
Re8+ Kg7 35. Bc3+ f6 36. Qe7+ Qxe7 37. Rxe7+ Kf8 38. Rxb7 1-0

[Event "South Wales International Open"]
[Site "Bridgend"]
[Date "2022.07.08"]
[Round "3.7"]
[White "Spanton, Tim R"]
[Black "Bullen, Alex"]
[Result "1-0"]
[WhiteElo "1889"]
[BlackElo "2106"]
[PlyCount "94"]
[EventDate "2022.07.07"]
[EventRounds "9"]
[EventCountry "WLS"]

1. e4 c6 2. d4 d5 3. Nc3 dxe4 4. Nxe4 Bf5 5. Ng3 Bg6 6. Nf3 Nd7 7. h4 h6 8. h5
Bh7 9. Bd3 Ngf6 10. Bxh7 Nxh7 11. Bf4 e6 12. Ne4 Ndf6 13. Qe2 Nxe4 14. Qxe4 Nf6
15. Qe2 Bb4+ 16. c3 Be7 17. Ne5 Nd5 18. Bd2 a5 19. a3 Bg5 20. Rd1 Bxd2+ 21.
Rxd2 O-O 22. c4 Nb6 23. Rh3 Nd7 24. Rg3 f5 25. Nxd7 Qxd7 26. Rg6 Rae8 27. Qe5
f4 28. Qe4 Rf5 29. Rg4 e5 30. d5 Rxh5 31. f3 Rd8 32. Rg6 Qe7 33. dxc6 Rh1+ 34.
Ke2 Rxd2+ 35. Kxd2 bxc6 36. Rxc6 Qd7+ 37. Qd5+ Qxd5+ 38. cxd5 Rg1 39. Kd3 Rxg2
40. b4 axb4 41. axb4 Rb2 42. Ke4 Rxb4+ 43. Kxe5 Rb8 44. d6 Re8+ 45. Kd5 Kf7 46.
d7 Re3 47. Rd6 Rd3+ 1-0

[Event "South Wales International Open"]
[Site "Bridgend"]
[Date "2022.07.08"]
[Round "3.8"]
[White "Fowler, Hugo"]
[Black "Waddington, Mike P"]
[Result "1/2-1/2"]
[WhiteElo "1873"]
[BlackElo "2071"]
[PlyCount "49"]
[EventDate "2022.07.07"]
[EventRounds "9"]
[EventCountry "WLS"]

1. e4 c5 2. c3 Nf6 3. e5 Nd5 4. d4 cxd4 5. cxd4 Nc6 6. Nf3 d6 7. Bc4 Nb6 8. Bb3
dxe5 9. Nxe5 Nxe5 10. dxe5 Qxd1+ 11. Bxd1 Bf5 12. O-O O-O-O 13. Nc3 e6 14. Bb3
Bb4 15. Be3 Kb8 16. Rfd1 Bd3 17. Rac1 Bf5 18. Nb5 Rxd1+ 19. Rxd1 Rc8 20. Nd6
Bxd6 21. Rxd6 Nc4 22. Bxc4 Rxc4 23. f4 Rc2 24. Rd2 Rxd2 25. Bxd2 1/2-1/2

[Event "South Wales International Open"]
[Site "Bridgend"]
[Date "2022.07.08"]
[Round "3.9"]
[White "Menadue, Jeremy F S"]
[Black "Hughes, Anthony"]
[Result "1/2-1/2"]
[WhiteElo "1989"]
[BlackElo "1865"]
[PlyCount "35"]
[EventDate "2022.07.07"]
[EventRounds "9"]
[EventCountry "WLS"]

1. d4 d5 2. Bg5 h6 3. Bh4 c5 4. e3 Qb6 5. Nc3 e6 6. a3 Nc6 7. dxc5 Bxc5 8. Nge2
Be7 9. Bg3 Nf6 10. b4 O-O 11. Nf4 d4 12. Na4 Qd8 13. exd4 Nxd4 14. c3 e5 15.
cxd4 exf4 16. Bxf4 Nd5 17. Bg3 Nxb4 18. Be2 1/2-1/2

[Event "South Wales International Open"]
[Site "Bridgend"]
[Date "2022.07.08"]
[Round "3.10"]
[White "Gawne, Martin"]
[Black "Skettos, Nicolas"]
[Result "1-0"]
[WhiteElo "1724"]
[BlackElo "1972"]
[PlyCount "99"]
[EventDate "2022.07.07"]
[EventRounds "9"]
[EventCountry "WLS"]

1. d4 Nf6 2. Bf4 b6 3. e3 Bb7 4. h3 g6 5. Nf3 Bg7 6. c4 O-O 7. Nc3 d6 8. Be2
Nbd7 9. O-O a6 10. Re1 Qe8 11. Bh2 e5 12. d5 h6 13. b4 Nh7 14. e4 f5 15. Nd2
Nhf6 16. Bf3 f4 17. g3 g5 18. g4 Rf7 19. Be2 Bh8 20. Kg2 Rh7 21. f3 Nf8 22. Bg1
h5 23. Bf2 Bc8 24. Rh1 Ng6 25. Qg1 Bg7 26. Kf1 Kf7 27. Bd3 Bd7 28. Ke2 Bf8 29.
Nb3 Be7 30. a4 Qb8 31. Rb1 Qb7 32. c5 c6 33. dxc6 Bxc6 34. b5 axb5 35. axb5
bxc5 36. bxc6 Qb4 37. Qc1 c4 38. Nd2 cxd3+ 39. Kxd3 Qa5 40. Ra1 Qxa1 41. Qxa1
Rxa1 42. Rxa1 Rh8 43. c7 Rc8 44. Bb6 hxg4 45. hxg4 Nd7 46. Ba5 Nc5+ 47. Ke2 Ke8
48. Rb1 Nd7 49. Nb5 Bf6 50. Nxd6+ 1-0

[Event "South Wales International Open"]
[Site "Bridgend"]
[Date "2022.07.08"]
[Round "3.11"]
[White "Ralphs, Nigel"]
[Black "Bridges, Paul"]
[Result "1-0"]
[WhiteElo "1964"]
[BlackElo "1754"]
[PlyCount "66"]
[EventDate "2022.07.07"]
[EventRounds "9"]
[EventCountry "WLS"]

1. c4 e5 2. Nc3 Nc6 3. Nf3 Nf6 4. e3 d5 5. cxd5 Nxd5 6. Bb5 Nxc3 7. bxc3 Bd6 8.
d4 exd4 9. cxd4 Bd7 10. O-O a6 11. Be2 Bf5 12. Qb3 Rb8 13. Ba3 O-O 14. Bxd6
Qxd6 15. Rac1 Rfc8 16. Rc5 Bd7 17. Rfc1 h6 18. Qc3 Re8 19. g3 g5 20. Bf1 Ne7
21. Qb2 c6 22. Ne5 Be6 23. Bg2 Red8 24. Nc4 Qd7 25. Nb6 Qe8 26. a4 Nd5 27. Nxd5
cxd5 28. a5 Qe7 29. Rc7 Rd7 30. Qb6 Kg7 31. Rxd7 Qxd7 32. Rc7 Qa4 33. Qxe6 Qe8
1-0

[Event "South Wales International Open"]
[Site "Bridgend"]
[Date "2022.07.08"]
[Round "3.12"]
[White "Mckenna, Joshua"]
[Black "Rathbone-Jones, Ifan"]
[Result "0-1"]
[WhiteElo "1658"]
[BlackElo "1936"]
[PlyCount "68"]
[EventDate "2022.07.07"]
[EventRounds "9"]
[EventCountry "WLS"]

1. e4 d5 2. exd5 Nf6 3. d4 c6 4. Nf3 cxd5 5. c4 Nc6 6. Nc3 e6 7. Bf4 Bb4 8. Qb3
Qe7 9. c5 Ne4 10. Bb5 g5 11. Ne5 Bd7 12. Nxd7 Nxd4 13. Qa4 Bxc3+ 14. bxc3 Nxb5
15. Qxb5 Qxd7 16. Qxd7+ Kxd7 17. Be3 Rhg8 18. Bd4 Kc6 19. Rb1 Rab8 20. Be5 Rbe8
21. f3 Nxc5 22. Bd4 b6 23. O-O e5 24. Bf2 f5 25. Rfd1 g4 26. fxg4 Rxg4 27. Rb4
Ne4 28. Rdb1 Reg8 29. g3 Nxc3 30. Rxg4 Rxg4 31. Rc1 Rc4 32. Rc2 Ne4 33. Re2 d4
34. g4 d3 0-1

[Event "South Wales International Open"]
[Site "Bridgend"]
[Date "2022.07.08"]
[Round "3.13"]
[White "Van Kemenade, Rudy"]
[Black "Di-Vetta, Andrew"]
[Result "1-0"]
[WhiteElo "1921"]
[BlackElo "1754"]
[PlyCount "131"]
[EventDate "2022.07.07"]
[EventRounds "9"]
[EventCountry "WLS"]

1. f4 Nf6 2. Nf3 g6 3. g3 Bg7 4. Bg2 O-O 5. O-O d6 6. d3 c5 7. c4 Nc6 8. Nc3 a6
9. a4 Rb8 10. h3 Bd7 11. e3 e6 12. d4 Nb4 13. e4 cxd4 14. Nxd4 Qc7 15. b3 Rfd8
16. Be3 Be8 17. Rc1 Nd7 18. f5 e5 19. Nde2 Nc5 20. Nd5 Nxd5 21. exd5 f6 22. Nc3
gxf5 23. b4 Nd7 24. Rxf5 Bg6 25. Rf2 b6 26. Ne4 f5 27. Ng5 Nf8 28. h4 h6 29. h5
hxg5 30. hxg6 f4 31. gxf4 gxf4 32. Qh5 fxe3 33. Rf7 Rd7 34. Rxf8+ Bxf8 35. Bh3
Re8 36. Rf1 Rg7 37. Rf6 b5 38. Be6+ Rxe6 39. dxe6 bxa4 40. Rf7 Qd8 41. e7 Bxe7
42. Rxg7+ Kxg7 43. Qh7+ Kf6 44. Qf7+ Kg5 45. g7 a3 46. g8=Q+ Qxg8 47. Qxg8+ Kf5
48. Qc8+ Kf4 49. Qxa6 Bh4 50. Qxa3 e2 51. Qc1+ Kg4 52. c5 e1=Q+ 53. Qxe1 Bxe1
54. c6 Bxb4 55. c7 Kf3 56. c8=Q Bc5+ 57. Kf1 e4 58. Qh3+ Kf4 59. Ke2 e3 60.
Qf3+ Ke5 61. Kd3 Ke6 62. Kc4 Ke5 63. Qg4 Kf6 64. Kd5 Kf7 65. Qe6+ Kg7 66. Ke4
1-0

[Event "South Wales International Open"]
[Site "Bridgend"]
[Date "2022.07.08"]
[Round "3.14"]
[White "Sainbayar, Anuurai"]
[Black "De Coverly, Roger D"]
[Result "0-1"]
[WhiteElo "1512"]
[BlackElo "1914"]
[PlyCount "62"]
[EventDate "2022.07.07"]
[EventRounds "9"]
[EventCountry "WLS"]

1. d4 Nf6 2. Bf4 b6 3. e3 Bb7 4. Nf3 g6 5. Bd3 Bg7 6. h3 c5 7. c3 O-O 8. Nbd2
d6 9. e4 cxd4 10. cxd4 Nc6 11. a3 Nh5 12. Be3 e5 13. dxe5 dxe5 14. Qe2 Nd4 15.
Nxd4 exd4 16. Bg5 Qxg5 17. g3 Rac8 18. Nf3 Rc1+ 19. Rxc1 Qxc1+ 20. Qd1 Qxb2 21.
a4 Re8 22. O-O Bxe4 23. Re1 Nf6 24. Bb5 Rd8 25. Ng5 Bd5 26. Re2 Qb4 27. Rc2 Bb3
28. Rb2 Bxd1 29. Rxb4 h6 30. Rb1 Bc2 31. Rc1 d3 0-1